Abridged Dewey decimal classification and relative index / (Record no. 5300)

MARC details
000 -LEADER
fixed length control field 01074pam a2200313 a 4500
001 - CONTROL NUMBER
control field 21081387
003 - CONTROL NUMBER IDENTIFIER
control field OSt
005 - DATE AND TIME OF LATEST TRANSACTION
control field 20190102182447.0
008 - FIXED-LENGTH DATA ELEMENTS--GENERAL INFORMATION
fixed length control field 920602s1990 nyu b 001 0 eng
010 ## - LIBRARY OF CONGRESS CONTROL NUMBER
LC control number 90031428
020 ## - INTERNATIONAL STANDARD BOOK NUMBER
International Standard Book Number 0910608423
Terms of availability (alk. paper)
035 ## - SYSTEM CONTROL NUMBER
System control number 0071-70160
040 ## - CATALOGING SOURCE
Original cataloging agency DLC
Transcribing agency DLC
050 00 - LIBRARY OF CONGRESS CALL NUMBER
Classification number Z696
Item number .D5192 1990
082 ## - DEWEY DECIMAL CLASSIFICATION NUMBER
Classification number REF 025.4
Item number D519A
100 1# - MAIN ENTRY--PERSONAL NAME
Personal name Dewey, Melvil,
Dates associated with a name 1851-1931
245 10 - TITLE STATEMENT
Title Abridged Dewey decimal classification and relative index /
Statement of responsibility, etc. devised by Melvil Dewey
250 ## - EDITION STATEMENT
Edition statement Ed. 12 /
Remainder of edition statement edited by John P. Comaromi, Julianne Beall, Winton E. Matthews, Jr., Gregory R. New
260 ## - PUBLICATION, DISTRIBUTION, ETC.
Place of publication, distribution, etc. Albany, N.Y. :
Name of publisher, distributor, etc. Forest Press, a division of OCLC Online Computer Library Center,
Date of publication, distribution, etc. 1990
300 ## - PHYSICAL DESCRIPTION
Extent xiii, 857 p. ;
Dimensions 24 cm
504 ## - BIBLIOGRAPHY, ETC. NOTE
Bibliography, etc. note Includes bibliographical references (p. 24)
650 #0 - SUBJECT ADDED ENTRY--TOPICAL TERM
Topical term or geographic name entry element Classification, Dewey decimal
700 1# - ADDED ENTRY--PERSONAL NAME
Personal name Comaromi, John P.
Fuller form of name (John Phillip),
Dates associated with a name 1937-
700 1# - ADDED ENTRY--PERSONAL NAME
Personal name Beall, Julianne,
Dates associated with a name 1946-
700 1# - ADDED ENTRY--PERSONAL NAME
Personal name Matthews, Winton E
700 1# - ADDED ENTRY--PERSONAL NAME
Personal name New, Gregory R
710 20 - ADDED ENTRY--CORPORATE NAME
Corporate name or jurisdiction name as entry element Forest Press
942 ## - ADDED ENTRY ELEMENTS (KOHA)
Source of classification or shelving scheme Dewey Decimal Classification
Koha item type Reference
Holdings
Withdrawn status Lost status Source of classification or shelving scheme Damaged status Not for loan Collection code Home library Current library Shelving location Date acquired Cost, normal purchase price Total Checkouts Full call number Barcode Date last seen Price effective from Koha item type
    Dewey Decimal Classification     Non-fiction Harvest Mission College Harvest Mission College General Stacks 02.01.2019 6000.00   REF 025.4 D519A 006064 02.01.2019 02.01.2019 Reference

OPAC Designed and Maintained by HMC Library Team.
Copyright © HMC Library,Greater Noida, UP.
For any Suggestions/Query Contact library via Email:libhmc@gmail.com